Selling ethnic neighborhoods (Record no. 12697)

MARC details
000 -LEADER
fixed length control field 02284nam a2200373Ia 4500
001 - CONTROL NUMBER
control field 9780203172865
003 - CONTROL NUMBER IDENTIFIER
control field BD-DhSAU
005 - DATE AND TIME OF LATEST TRANSACTION
control field 20151012151720.0
006 - FIXED-LENGTH DATA ELEMENTS--ADDITIONAL MATERIAL CHARACTERISTICS
fixed length control field a|||||s|||||||||||
007 - PHYSICAL DESCRIPTION FIXED FIELD--GENERAL INFORMATION
fixed length control field cr||||
008 - FIXED-LENGTH DATA ELEMENTS--GENERAL INFORMATION
fixed length control field 120206s2012 nyub sb 001 0 eng d
020 ## - INTERNATIONAL STANDARD BOOK NUMBER
International Standard Book Number 9780203172865 (e-book : PDF)
040 ## - CATALOGING SOURCE
Original cataloging agency BD-DhSAU
Transcribing agency BD-DhSAU
090 ## - LOCALLY ASSIGNED LC-TYPE CALL NUMBER (OCLC); LOCAL CALL NUMBER (OCLC)
Classification number (OCLC) (R) ; Classification number, CALL (RLIN) (NR) HT215
Local cutter number (OCLC) ; Book number/undivided call number, CALL (RLIN) .S45 2012
092 ## - LOCALLY ASSIGNED DEWEY CALL NUMBER (OCLC)
Classification number 307.3362089
Item number S467
245 00 - TITLE STATEMENT
Title Selling ethnic neighborhoods
Medium [electronic resource] :
Remainder of title the rise of neighborhoods as places of leisure and consumption /
Statement of responsibility, etc. edited by Volkan Aytar and Jan Rath.
260 ## - PUBLICATION, DISTRIBUTION, ETC. (IMPRINT)
Place of publication, distribution, etc. New York, N.Y. :
Name of publisher, distributor, etc. Routledge,
Date of publication, distribution, etc. 2012.
300 ## - PHYSICAL DESCRIPTION
Extent vi, 174 p. :
Other physical details maps.
490 1# - SERIES STATEMENT
Series statement Routledge advances in geography ;
Volume/sequential designation 5
504 ## - BIBLIOGRAPHY, ETC. NOTE
Bibliography, etc Includes bibliographical references and index.
505 0# - FORMATTED CONTENTS NOTE
Formatted contents note 1. Urban ethnic tourism in New York's neighborhoods : then and now / Johannes Novy -- 2. Ethnic minority restaurateurs and the regeneration of "Banglatown" in London's East End / Stephen Shaw and Sue Bagwell -- 3. Gateways to the urban economy : Chinatowns in Antwerp and Brussels / Ching Lin Pang -- 4. Kreuzberg's multi- and inter-cultural realities : are they assets? / Johannes Novy -- 5. Sanitising the metropolis of leisurely consumption : a missed chance to re-invent entrepreneurial dynamism in Sulukule, Istanbul / Volkan Aytar and Sáeuheyla Kirca-Schroeder -- 6. When diversity meets heritage : defining the urban image of a Lisbon precinct / Catarina Reis de Oliveira -- 7. Symbols of ethnicity in a multi-ethnic precinct : marketing Perth's northbridge for cultural consumption / Kirrily Jordan and Jock Collins -- 8. Risotto and Zighinãai? : Milano's Lazzaretto between multiculturalism and insecurity / Roberta Marzorati and Fabio Quassoli.
530 ## - ADDITIONAL PHYSICAL FORM AVAILABLE NOTE
Additional physical form available note Also available in print edition.
538 ## - SYSTEM DETAILS NOTE
System details note Mode of access: World Wide Web.
650 #0 - SUBJECT ADDED ENTRY--TOPICAL TERM
Topical term or geographic name as entry element Ethnic neighborhoods.
650 #0 - SUBJECT ADDED ENTRY--TOPICAL TERM
Topical term or geographic name as entry element Minority business enterprises.
650 #0 - SUBJECT ADDED ENTRY--TOPICAL TERM
Topical term or geographic name as entry element Consumption (Economics)
650 #0 - SUBJECT ADDED ENTRY--TOPICAL TERM
Topical term or geographic name as entry element Culture diffusion.
655 #7 - INDEX TERM--GENRE/FORM
Genre/form data or focus term Electronic books.
Source of term lcsh
700 1# - ADDED ENTRY--PERSONAL NAME
Personal name Aytar, Volkan.
700 1# - ADDED ENTRY--PERSONAL NAME
Personal name Rath, Jan,
Dates associated with a name 1956-
776 1# - ADDITIONAL PHYSICAL FORM ENTRY
International Standard Book Number 9780415899598 (hardback : alk. paper)
830 #0 - SERIES ADDED ENTRY--UNIFORM TITLE
Uniform title Routledge advances in geography ;
Volume number/sequential designation 5.
856 40 - ELECTRONIC LOCATION AND ACCESS
Uniform Resource Identifier <a href="http://www.tandfebooks.com/isbn/9780203172865">http://www.tandfebooks.com/isbn/9780203172865</a>

No items available.